Geography starting with I - Statistics

General Stats
  • This quiz has been taken 73 times
  • The average score is 7 of 10
Answer Stats
Letters Clue Answer % Correct
4 Saddams country Iraq
100%
8 Formerly known as Constantinople Istanbul
96%
9 Most populated country in South East Asia Indonesia
93%
7 Europe most sparsely populated country Iceland
87%
6 Country with highest living standard in Middle East Israel
84%
5 Country with two enclaves in it Italy
75%
12 14Tth Largest city in USA Indianapolis
71%
11 Covers 20% of Earth water surface Indian Ocean
55%
10 Lake Superiors largest natural island Isle Royale
6%
13 Russian oblast situated in South Eastern Siberia Irkutsk Oblast
4%
No matching quizzes found
Score Distribution
Percent of People with Each Score
Percentile by Number Answered
Your Score History
You have not taken this quiz